00247nam a2200097Ia 4500008004100000100002400041245003500065260002300100260000900123999001700132170617s9999 xx 000 0 und d aSUBRAHMANYAM- C.V.S 0aPHARMACEUTICAL ENGG. UNIT OPER bNEW DELHI- VALLABH c2014 c15578d15578